Relevancia de la voluntad de la persona para afrontar su propia discapacidad

Detalles Bibliográficos
Autor principal: Rovira Sueiro, Mara̕ Esther
Formato: Desconocido
Lenguaje:español
Publicado: Madrid : Editorial Universitaria Ramn̤ Areces, D.L. 2005
Materias:
Acceso en línea:Acceso restringido

MARC

LEADER 00000ny a22000003n 4500
005 20110524121524.0
008 051110s2005 sp fs 000 0 spa c
017 |a D.L. M.29330-2005 
020 |a 8480047070 
035 |a 1584 
040 |a SpMaUCDE  |d vLex 
040 |a UMA.RE  |d vLex 
080 |a 347.155-056.24(460) 
090 |c 208  |d 208 
100 1 |a Rovira Sueiro, Mara̕ Esther 
245 1 0 |a Relevancia de la voluntad de la persona para afrontar su propia discapacidad  |h [Recurso electrn̤ico]  |c Mara̕ E. Rovira Sueiro 
256 |a Servicio en ln̕ea 
260 |a Madrid :  |b Editorial Universitaria Ramn̤ Areces,  |c D.L. 2005 
300 |a 157 p. ;  |c 25 cm 
506 1 |a Contenido solo disponible en los productos indicados  |d vLex Global  |d vLex Global (Academic Edition, excluding Law Schools)  |d vLex Global (U.S. Academic Edition, Law Schools)  |d vLex Global (U.S. Academic Edition, excluding Law Schools)  |d vLex Global (Academic Edition, Law Schools) 
650 0 7 |2 Tesauro vLex  |a Discapacitado 
650 0 7 |2 Tesauro vLex  |a Civil 
650 0 7 |2 Tesauro vLex  |a Incapacitacin̤ 
740 0 |a vLex Libros (Servicios en ln̕ea) 
856 4 0 |z Acceso restringido  |u http://vlex.com/source/voluntad-personas-discapacidad-1584 
942 |c BOOK 
999 0 |a People with disabilities  |b Madrid